New Frontiers at Home: an approach to Women, Mothers and Parents/ (Record no. 177878)

MARC details
000 -LEADER
fixed length control field 00755nam a22002057a 4500
005 - DATE AND TIME OF LATEST TRANSACTION
control field 20210309144729.0
010 ## - LCCN (DPL NO)
LC control number ENG-129175
020 ## - INTERNATIONAL STANDARD BOOK NUMBER
International Standard Book Number 978-81-237-9193-7
Terms of availability 155.00
035 ## - SYSTEM CONTROL NUMBER
System control number EN-112707
037 ## - SOURCE OF ACQUISITION
Source of stock number/acquisition DBAD/PUB
082 ## - DEWEY DECIMAL CLASSIFICATION NUMBER
Classification number 616.24140954
100 ## - MAIN ENTRY--PERSONAL NAME
Personal name Uppal, Tarun
245 ## - TITLE STATEMENT
Title New Frontiers at Home: an approach to Women, Mothers and Parents/
Statement of responsibility, etc Tarun Uppal and Sonie Sidhu
260 ## - PUBLICATION, DISTRIBUTION, ETC. (IMPRINT)
Place of publication, distribution, etc New Delhi
Name of publisher, distributor, etc National Book Trust
Date of publication, distribution, etc 2020
270 ## - ADDRESS
City New Delhi
Postal code 110070
Address Nehru Bhawan, 5 Institutional Area, Phase-II, Vasant Kunj
300 ## - PHYSICAL DESCRIPTION
Extent xxiv+102p.
Dimensions 21cm(pbk)
Other physical details Including illustrations and bibliographical references.
500 ## - GENERAL NOTE
General note illustration: Arya Praharaj
700 ## - ADDED ENTRY--PERSONAL NAME
Personal name Sidhu, Sonie
942 ## - ADDED ENTRY ELEMENTS (KOHA)
Source of classification or shelving scheme Dewey Decimal Classification
Item type English Books
Classification part 616.24140954
Call number suffix UPP
Holdings
Withdrawn status Lost status Not for loan Collection code Home library Current library Date acquired Source of acquisition Cost, normal purchase price Full call number Barcode Copy number Cost, replacement price Koha item type
      Non-fiction Ashok Vihar Ashok Vihar 09/03/2021 DBAD/PUB 155.00 616.24140954 UPP EN-112707 1 155.00 English Books

© Delhi Public Library
Hit Counter
free hit counter